[Event "10th Konjic 2021"]
[Site "Konjic"]
[Date "2021.03.02"]
[Round "7.3"]
[White "Runic, Zoran"]
[Black "Mrndjic, Muamer"]
[Result "0-1"]
[WhiteElo "2378"]
[BlackElo "2257"]
[Annotator "TA"]
[PlyCount "77"]
[EventDate "2021.02.26"]
[EventType "tourn"]
[EventCountry "BIH"]
[SourceTitle "playchess.com"]
[Source "ChessBase"]
[SourceQuality "1"]

{[%evp 22,77,11,8,18,8,17,0,1,-4,13,0,12,-16,-23,-37,-16,-21,-12,-141,-146,-143,-137,-159,-147,-137,-134,-225,-224,-308,-308,-308,-308,-301,-301,-273,-263,-380,-369,-365,-364,-346,-320,-322,-289,-422,-201,-551,-491,-556,-537,-592,-544,-560,-652,-578,-549,-1741]} 1. e4 c5 2. Nf3 Nc6 3. d4 cxd4 4. Nxd4 g6 5. Nc3 Bg7 6. Be3 Nf6 7. Bc4 O-O 8. Bb3 d6 9. h3 Bd7 10. O-O Nxd4 11. Bxd4 Bc6 12. Qd3 Nd7 {B72: Sicilian Dragon: 6 Be3, lines with h3+Bc4 and sidelines.} 13. Bxg7 Kxg7 14. Nd5 a5 {The position is equal.} 15. a4 Nc5 {[#]} 16. Qc3+ $146 ({Predecessor:} 16. Qd4+ e5 17. Qe3 Nxb3 18. Qxb3 Bxd5 19. Qxd5 Qb6 20. b3 Rac8 21. Rac1 Rc3 22. Rfd1 {½-½ (47) Mamedov,R (2639)-Guseinov,G (2609) Baku 2010}) 16... Kg8 17. f3 Rc8 18. Qe3 Bxd5 19. Bxd5 Qb6 20. Qf2 {Black continues to play with concentration.} (20. c3 $11) 20... Qxb2 $17 21. Rab1 Qa3 22. Bxb7 Nxb7 23. Rxb7 Qxa4 24. Rxe7 (24. Ra7 $17) 24... Rxc2 $19 25. Qb6 Qa2 26. Rf2 {[#]} Rxf2 27. Qxf2 Qxf2+ 28. Kxf2 {[%mdl 4096] Endgame [#] KR-KR} Ra8 29. Rd7 (29. Rc7 $142) 29... a4 {[%cal Ba5a4,Ba4a3,Ba3a2][%mdl 32]} 30. Rxd6 a3 31. Rd1 a2 32. Ra1 Kf8 33. Ke3 (33. f4 $142) 33... Ke7 (33... g5 $142 34. Kd4 Ke7) 34. Kd4 $2 (34. f4) 34... g5 {Black is clearly winning.} 35. g3 Ke6 36. f4 f6 37. Ke3 gxf4+ 38. gxf4 f5 39. Kd4 {Weighted Error Value: White=0.59/Black=0.12} 0-1

[Event "10th Konjic 2021"]
[Site "Konjic"]
[Date "2021.03.02"]
[Round "7.4"]
[White "Isik, Alparslan"]
[Black "Burovic, Rijad"]
[Result "1-0"]
[WhiteElo "2321"]
[BlackElo "2444"]
[Annotator "TA"]
[PlyCount "133"]
[EventDate "2021.02.26"]
[EventType "tourn"]
[EventCountry "BIH"]
[SourceTitle "playchess.com"]
[Source "ChessBase"]
[SourceQuality "1"]

{[%evp 9,133,18,20,20,25,18,22,18,31,30,32,43,43,43,34,-106,-86,-103,38,-135,-127,-117,-123,-131,-87,-85,-89,-83,-91,-131,69,63,83,71,154,146,143,142,139,131,145,133,160,161,174,177,210,209,220,133,272,279,279,227,272,279,279,279,279,279,272,272,265,255,239,201,298,254,298,257,806,777,760,772,629,519,983,931,912,891,772,677,980,564,677,492,460,431,285,285,285,145,142,142,232,130,29966,29967,29967,29968,29968,29969,29969,29970,29970,29971,29969,29972,29973,29973,29973,29973,29973,29974,29976,29977,29978,29979,29980,29980,29982,29979,29979,29980,29980,29981]} 1. d4 Nf6 2. c4 e6 3. Nf3 d5 4. Nc3 a6 5. cxd5 exd5 6. Bg5 {D37: Queen's Gambit Declined: 5 Bf4.} Be6 7. Bxf6 Qxf6 8. Qb3 {The position is equal.} b5 9. a4 ({Not} 9. Nxd5 $2 Qd8 $19) 9... b4 10. Nxd5 Qd8 11. e4 c6 {[#]} 12. Bc4 cxd5 $17 13. exd5 Bf5 {[#]} ({Better is} 13... Bc8 $1 $17 14. O-O Bd6 15. Rfe1+ Kf8) 14. d6 $146 (14. Qe3+ $1 $14 {was forced to keep a grip.} Be7 15. Qe5) ({Predecessor:} 14. O-O Bd6 15. Rae1+ Kf8 16. Ne5 g6 17. g4 Bxg4 18. Nxg4 Qg5 19. Be2 h5 20. f4 Bxf4 {1-0 (36) Berezovsky,I (2378)-Jouault,L (1860) Andorra la Vella 2017}) 14... Bxd6 {White must now prevent ...0-0.} 15. Bxf7+ Kf8 16. O-O Ra7 17. Be6 Bxe6 18. Qxe6 {Strongly threatening Rac1.} g6 $1 19. Ng5 Bxh2+ 20. Kxh2 $14 Qxg5 21. Qb6 $1 $36 {[%csl LRa7,LRb4,LRb8][%mdl 2048] Black is under strong pressure.} Re7 ({Black should play} 21... Qe7) 22. Qxb8+ $16 Kg7 23. Qxb4 ({Don't play} 23. Qg3 $6 Qf6 $11) 23... Rf8 24. Kg1 Rf4 25. Qc3 Qd5 26. Rad1 $1 Ref7 27. b4 R7f5 28. f3 Rh4 29. Qc5 {Threatens to win with Qe7+.} Rfh5 (29... Qb7 $16 {was worth a try.} 30. Qc3 Qb8) 30. Qxd5 $18 Rxd5 31. Rd2 Rdxd4 32. Rxd4 Rxd4 {[%mdl 4096] Endgame KR-KR} 33. Rb1 Rd6 34. b5 axb5 35. axb5 Rb6 36. Kf2 Kf6 37. f4 Kf5 (37... Ke6 {was necessary.} 38. g4 Kd5) 38. Kf3 h5 39. g3 Kf6 $2 (39... Ke6 40. Ke4 Kd7) 40. Ke4 Ke6 41. Rb3 Kd6 42. Kd4 Kc7 (42... Kd7 $142 43. Kc5 Rf6) 43. Ke5 Kb7 44. Rb2 Kb8 45. Rb1 Kb7 46. Rb4 Kb8 47. Kd5 Kb7 48. Rb3 Rf6 49. Re3 h4 50. Ke5 (50. gxh4 $18 {Hoping for Re7+.} Rxf4 51. Re4 Rf5+ 52. Ke6) 50... Rf5+ $16 {[#]} 51. Ke4 $1 hxg3 (51... Rxb5 $16 {was called for.} 52. gxh4 Kc7) 52. Rxg3 $18 Rxb5 $2 {[%mdl 8192] Black cannot hold the game after this.} (52... Rf6 $16 53. Ra3 Re6+ 54. Kf3 Rb6) 53. Rxg6 {White mates.} Kc7 54. f5 Kd7 {[#]} 55. Re6 $1 Rb1 56. Ke5 Rh1 57. Kf6 Rh6+ 58. Kf7 Rh5 59. Kg6 Rh1 60. Re4 Rg1+ 61. Kf7 Rd1 62. f6 Kd6 63. Kf8 Rh1 64. f7 Kd7 65. Re7+ Kd8 66. Re8+ Kd7 67. Kg7 {Weighted Error Value: White=0.36/Black=0.42} 1-0

[Event "10th Konjic 2021"]
[Site "Konjic"]
[Date "2021.03.02"]
[Round "7.5"]
[White "Stocko, Josip"]
[Black "Muratovic, Efim"]
[Result "0-1"]
[WhiteElo "2230"]
[BlackElo "2365"]
[Annotator "TA"]
[PlyCount "64"]
[EventDate "2021.02.26"]
[EventType "tourn"]
[EventCountry "BIH"]
[SourceTitle "playchess.com"]
[Source "ChessBase"]
[SourceQuality "1"]

{[%evp 15,64,32,36,0,10,-29,-32,-68,-64,-71,-72,-73,-69,-77,-60,-91,-85,-127,-82,-82,-85,-77,-75,-72,-83,-127,-89,-97,-85,-102,-95,-79,-68,-68,-71,-68,-59,-97,-24,-32,-25,-31,-28,-28,-28,-236,-250,-243,-242,-690,-668]} 1. e4 c5 2. Nf3 e6 3. d4 cxd4 4. Nxd4 Nf6 5. Nc3 d6 6. g4 h6 7. h4 Nc6 8. Rg1 d5 9. g5 {B81: Sicilian Scheveningen: Keres Attack.} (9. exd5 {looks sharper.} Nxd5 10. Nxd5 Qxd5 11. Bg2 Qc4 12. Nxc6 bxc6 13. Qe2) 9... hxg5 10. hxg5 (10. Nxc6 {keeps more tension.} bxc6 11. hxg5 Nd7 12. exd5 exd5 13. Qe2+) 10... Nxe4 11. Nxc6 {Black is slightly better.} Nxc3 12. Nxd8 Nxd1 13. Nxf7 Kxf7 14. Kxd1 {[#]} Bc5 $146 ({Predecessor:} 14... e5 15. Bb5 Rh2 16. Be3 d4 17. g6+ Ke6 18. Bc4+ Kd6 19. Bd2 Rxf2 20. Ke1 Rf6 {0-1 (41) Koziol,P (1515)-Sukhorskij,V (2127) LSS email 2010}) 15. Ke2 e5 16. Be3 Bxe3 17. Kxe3 Bf5 18. c3 Rad8 19. Rd1 Rh4 20. Bg2 Ke6 21. Bf3 b5 22. Rh1 Rf4 23. a3 a5 24. Be2 b4 25. axb4 axb4 26. Ra1 {[#]} bxc3 (26... d4+ $1 $17 27. cxd4 Re4+ 28. Kf3 Rdxd4 29. Ra6+ Kf7 30. g6+ Bxg6) 27. bxc3 Rc8 28. Ra6+ Kf7 29. Ra7+ Kg8 30. g6 $2 {[#]} (30. Ra3 $11 {and White is okay.}) 30... Rxc3+ $19 31. Kd2 Rc2+ 32. Kd1 $2 (32. Ke1 Rc1+ 33. Kd2 Rxh1 34. Ra8+ Bc8 35. Rxc8+ Rf8 36. Rc5) 32... Rd4+ {Weighted Error Value: White=0.47/Black=0.12} 0-1

[Event "10th Konjic 2021"]
[Site "Konjic"]
[Date "2021.03.02"]
[Round "8.1"]
[White "Zenelaj, Samuel"]
[Black "Muratovic, Efim"]
[Result "1/2-1/2"]
[WhiteElo "2208"]
[BlackElo "2365"]
[Annotator "TA"]
[PlyCount "46"]
[EventDate "2021.02.26"]
[EventType "tourn"]
[EventCountry "BIH"]
[SourceTitle "playchess.com"]
[Source "ChessBase"]
[SourceQuality "1"]

{[%evp 19,20,0,41]} 1. e4 c5 2. Nf3 d6 3. d4 cxd4 4. Nxd4 Nf6 5. Nc3 a6 6. Be3 Ng4 7. Bc1 Nf6 8. Be3 Ng4 9. Bc1 Nf6 10. Be3 Ng4 {[#] 10...Nbd7 is a critical line.} {Predecessor:} 11. Bg5 $146 {B90: Sicilian Najdorf: Unusual White 6th moves, 6 Be3 Ng4 and 6 Be3 e5.} h6 12. Bh4 g5 13. Bg3 Bg7 14. h3 Ne5 15. Nf5 Bxf5 16. exf5 Nbc6 17. Nd5 e6 18. fxe6 fxe6 19. Ne3 Qa5+ 20. c3 Nf3+ 21. gxf3 Bxc3+ 22. bxc3 Qxc3+ 23. Qd2 Qxa1+ {0-1 (45) So,W (2770)-Vachier Lagrave,M (2784) chess24.com INT 2020} 1/2-1/2

[Event "10th Konjic 2021"]
[Site "Konjic"]
[Date "2021.03.02"]
[Round "8.2"]
[White "Burovic, Rijad"]
[Black "Stocko, Josip"]
[Result "1/2-1/2"]
[WhiteElo "2444"]
[BlackElo "2230"]
[Annotator "TA"]
[PlyCount "18"]
[EventDate "2021.02.26"]
[EventType "tourn"]
[EventCountry "BIH"]
[SourceTitle "playchess.com"]
[Source "ChessBase"]
[SourceQuality "1"]

{[%evp 17,18,0,38]} 1. e4 c5 2. Nf3 d6 3. d4 cxd4 4. Nxd4 Nf6 5. Nc3 a6 {[#]} 6. Be3 $146 ({Predecessor:} 6. Qd3 Nbd7 7. a4 Nc5 8. Qe3 e5 9. Nb3 Nxb3 10. cxb3 Be6 11. Bc4 Be7 12. O-O Rc8 13. Qe2 O-O 14. Rd1 Qc7 15. Bg5 Bxc4 16. bxc4 Qxc4 {½-½ (60) Carlsen,M (2862)-Vachier Lagrave,M (2784) chess24.com INT 2021}) 6... Ng4 7. Bc1 Nf6 8. Be3 Ng4 9. Bc1 {9.Bc1 is a critical line.} Nf6 1/2-1/2

[Event "10th Konjic 2021"]
[Site "Konjic"]
[Date "2021.03.02"]
[Round "8.3"]
[White "Mrndjic, Muamer"]
[Black "Isik, Alparslan"]
[Result "1/2-1/2"]
[WhiteElo "2257"]
[BlackElo "2321"]
[Annotator "TA"]
[PlyCount "49"]
[EventDate "2021.02.26"]
[EventType "tourn"]
[EventCountry "BIH"]
[SourceTitle "playchess.com"]
[Source "ChessBase"]
[SourceQuality "1"]

{[%evp 20,49,0,-9,-7,-10,0,0,0,0,0,0,0,0,0,0,0,-18,-23,-24,-4,-4,-8,-11,0,-1,0,-15,0,-13,0,0]} 1. e4 c5 2. Nf3 d6 3. Bb5+ Bd7 4. Bxd7+ Qxd7 5. O-O Nc6 6. c3 Nf6 7. Re1 e6 8. d4 cxd4 9. cxd4 d5 10. e5 Ne4 11. Nbd2 Nxd2 $1 {B52: Sicilian: Moscow Variation with 3...Bd7.} 12. Bxd2 Bb4 13. Rc1 {[#] Threatens to win with Rxc6!} Bxd2 14. Qxd2 O-O 15. Rc3 Rfc8 16. Rec1 Ne7 17. Rxc8+ Rxc8 18. Rc3 Rxc3 19. Qxc3 Qc6 20. Qxc6 {The position is equal.} Nxc6 21. Kf1 {[#]} Kf8 $146 ({Predecessor:} 21... Nb4 22. a3 Nd3 23. b3 f6 24. exf6 gxf6 25. g3 a5 26. Nd2 Nb2 {½-½ (26) Usachyi,M-Gufeld,E Kiev 1960}) 22. Ke2 Ke7 23. a3 h6 24. Kd3 Kd7 25. Kc3 {An uneventful encounter.  Weighted Error Value: White=0.05/Black=0.05} 1/2-1/2

[Event "10th Konjic 2021"]
[Site "Konjic"]
[Date "2021.03.02"]
[Round "8.5"]
[White "Dumpor, Atif"]
[Black "Kamer, Kayra"]
[Result "0-1"]
[WhiteElo "2268"]
[BlackElo "2339"]
[Annotator "TA"]
[PlyCount "96"]
[EventDate "2021.02.26"]
[EventType "tourn"]
[EventCountry "BIH"]
[SourceTitle "playchess.com"]
[Source "ChessBase"]
[SourceQuality "1"]

{[%evp 9,96,-7,-4,-17,-17,-24,-5,-22,-14,-20,-10,-22,16,16,31,-27,16,0,0,-39,-41,-39,-34,-35,-37,-50,-47,-56,-22,-23,0,0,0,-32,-25,-67,-57,-91,-102,-109,-113,-102,0,0,105,105,88,0,0,-87,-83,-90,-76,-840,-452,-452,-452,-452,-451,-451,-431,-451,-447,-444,-443,-440,-437,-430,-422,-12835,-11962,-12838,-12839,-12839,-12839,-12839,-12839,-12841,-12841,-12841,-12842,-12844,-12844,-12845,-12843,-12845,-12846,-12847,-12847]} 1. e4 c5 2. Nc3 e6 3. g3 d5 4. exd5 exd5 5. Bg2 Nf6 6. Nf3 {B23: Closed Sicilian: Lines without g3.} d4 7. Ne2 Be7 8. O-O {The position is equal.} Nc6 9. d3 {[#]} Bf5 $146 ({Predecessor:} 9... h6 10. Nd2 O-O 11. Nc4 Re8 12. h3 Bf8 13. Bd2 Bd7 14. a4 b6 15. g4 Rc8 {0-1 (40) Sipila,V (2424)-Lintchevski,D (2518) St Petersburg 2016}) 10. Re1 Qd7 11. Nf4 O-O 12. h3 (12. Nh4 $1 $14 Bg4 13. f3) 12... Rae8 13. g4 Be6 14. Ne5 Nxe5 15. Rxe5 Bd6 16. Nxe6 fxe6 17. Re2 Bb8 18. Kh1 Qd6 {[%csl Gb8][%cal Rd6h2]} 19. Qg1 h5 20. g5 Nd5 21. Bd2 Nf4 22. Re4 Ng6 {...Rxf2! is the strong threat.} 23. Rf1 Rf5 24. h4 Ref8 {Threatens to win with ...Rxf2!} 25. Bh3 Re5 (25... Rf3 $17 26. Qg2 (26. Bxe6+ $2 Kh8 $19) 26... Ne5) 26. Rfe1 Rf3 {[#]} (26... Qd5 $11 {remains equal.}) 27. Qg2 $1 $16 Qf8 {[#]} 28. Bxe6+ (28. Kg1 $1 $16) 28... Kh8 29. Rxe5 (29. Kg1 $11 {keeps the balance.}) 29... Bxe5 $17 30. Re2 Nxh4 31. Rxe5 $4 {[%mdl 8192] White does not recover from this.} (31. Qf1 $17) 31... Nxg2 {Black is clearly winning.} 32. g6 {[%cal Re5h5]} Nf4 33. Bxf4 Qxf4 34. Rxh5+ Qh6 35. Rxh6+ gxh6 $19 {[%mdl 4096] Endgame KR-KB} 36. Kg2 Rf6 37. Bf7 Kg7 38. Kg3 b6 39. f4 (39. a3 $142 h5 40. f3) 39... Rxg6+ 40. Bxg6 Kxg6 {KP-KP} 41. Kg4 h5+ 42. Kg3 Kf5 43. a3 h4+ 44. Kf3 h3 45. b4 h2 46. Kg2 Kxf4 47. Kxh2 Ke3 48. bxc5 bxc5 {Weighted Error Value: White=0.54/Black=0.34} 0-1

[Event "10th Konjic 2021"]
[Site "Konjic"]
[Date "2021.03.03"]
[Round "9.1"]
[White "Kamer, Kayra"]
[Black "Zenelaj, Samuel"]
[Result "1/2-1/2"]
[WhiteElo "2339"]
[BlackElo "2208"]
[Annotator "TA"]
[PlyCount "26"]
[EventDate "2021.02.26"]
[EventType "tourn"]
[EventCountry "BIH"]
[SourceTitle "playchess.com"]
[Source "ChessBase"]
[SourceQuality "1"]

{[%evp 25,26,0,27]} 1. e4 e5 2. Nf3 Nc6 3. Bb5 a6 4. Ba4 Nf6 5. O-O Be7 6. Re1 b5 7. Bb3 O-O 8. c3 d6 9. h3 Re8 {[#]} 10. Ng5 $146 ({Predecessor:} 10. d4 Bb7 11. Nbd2 Bf8 12. Ng5 Re7 13. d5 Nb8 14. Nf1 c6 15. dxc6 Bxc6 16. Ng3 h6 17. Nf3 Re8 18. Nh4 Nbd7 19. Nhf5 Nc5 20. Bc2 d5 21. exd5 Bxd5 22. Nh5 Nxh5 23. Qxh5 Qf6 24. Qg4 Be6 25. Qh4 g5 26. Qg4 e4 {0-1 (26) Sjugirov,S (2675)-Firouzja,A (2728) chess.com INT 2020}) 10... Rf8 11. Nf3 Re8 12. Ng5 Rf8 13. Nf3 Re8 1/2-1/2

[Event "10th Konjic 2021"]
[Site "Konjic"]
[Date "2021.03.03"]
[Round "9.2"]
[White "Runic, Zoran"]
[Black "Dumpor, Atif"]
[Result "*"]
[WhiteElo "2378"]
[BlackElo "2268"]
[Annotator "TA"]
[PlyCount "32"]
[EventDate "2021.02.26"]
[EventType "tourn"]
[EventCountry "BIH"]
[SourceTitle "playchess.com"]
[Source "ChessBase"]
[SourceQuality "1"]

{[%evp 13,14,33,33]} 1. Nf3 g6 2. d4 Bg7 3. e4 d6 4. Nc3 Nf6 5. Be2 O-O 6. O-O Bg4 7. Bg5 Nc6 {[#]} {Predecessor:} 8. Qd2 $146 {B08: Pirc Defence: Classical System.} Nd7 9. Nd5 Nf6 10. Nxf6+ exf6 11. Bh4 Bxf3 12. Bxf3 g5 13. Bg3 f5 14. exf5 Nxd4 15. Be4 Qf6 16. c3 Nxf5 {1-0 (62) Zaragatski,I (2502)-Paehtz,E (2459) Germany 2016} *

[Event "10th Konjic 2021"]
[Site "Konjic"]
[Date "2021.03.03"]
[Round "9.2"]
[White "Muratovic, Efim"]
[Black "Burovic, Rijad"]
[Result "1-0"]
[WhiteElo "2365"]
[BlackElo "2444"]
[Annotator "TA"]
[PlyCount "93"]
[EventDate "2021.02.26"]
[EventType "tourn"]
[EventCountry "BIH"]
[SourceTitle "playchess.com"]
[Source "ChessBase"]
[SourceQuality "1"]

{[%evp 13,93,29,33,28,35,31,34,24,36,5,38,-1,0,0,0,-4,0,-22,-22,-27,-31,-29,-18,-22,-30,-25,-31,-43,-43,-57,-50,-27,-30,-76,-75,-243,-97,-95,-91,-91,0,0,0,0,61,74,59,69,71,0,42,7,8,8,64,64,139,64,70,64,75,0,30,0,123,99,92,39,81,75,182,0,0,0,704,672,801,767,937,896,778,651]} 1. Nf3 g6 2. d4 Bg7 3. e4 d6 4. Nc3 Nf6 5. Be2 O-O 6. O-O Bg4 7. Bg5 Nc6 8. d5 {B08: Pirc Defence: Classical System.} Bxf3 9. Bxf3 Ne5 10. Be2 {White is slightly better.} c6 11. a4 {[#]} Qa5 $146 ({Predecessor:} 11... Qc7 12. Qd2 Rac8 13. Rac1 Rfe8 14. Rfd1 Qb6 15. Rb1 Qb4 16. Qe3 cxd5 17. Bb5 Red8 18. Qxa7 dxe4 19. Qxb7 Rb8 20. Qxe7 Nf3+ 21. gxf3 exf3 22. h3 {1-0 (22) Brusila,H-Tanni,K Sweden 1996}) 12. Qd2 Rfc8 13. Rfd1 Qb4 14. dxc6 bxc6 15. Bxf6 Bxf6 16. Nd5 Qxe4 17. Nxf6+ exf6 18. f3 Qf5 19. f4 Ng4 20. Qxd6 Rd8 21. Qxc6 Ne3 22. Rxd8+ Rxd8 23. Bd3 Qxf4 {And now ...Ng4 would win.} 24. Qc5 $2 {[#]} (24. Qe4 $17 Qxe4 25. Bxe4) 24... Ng4 (24... Rd5 $1 $19 {[%cal Rd5c5]} 25. Qxa7 Kg7) 25. h3 $17 Qh2+ 26. Kf1 Rd5 27. Qxa7 $11 ({Not} 27. Qc8+ $2 Kg7 $19) 27... Qf4+ 28. Kg1 Ne3 {[#]} (28... Qh2+ $11 29. Kf1 Qf4+ 30. Kg1 Qh2+ 31. Kf1) 29. Rf1 $1 $14 {[%cal Rf1f4]} Qg5 {[%csl Ge3][%cal Rg5g2]} 30. Rf2 Kg7 $1 31. Re2 (31. Qb6 $16) 31... Re5 32. Qd4 {White wants to play b4.} (32. a5 $5) 32... Nf5 $1 {[%cal Rf5d4]} 33. Qf2 $36 {[%mdl 2048] White has good play.} Rxe2 (33... Qc1+ $11 34. Qf1 Qxb2 35. Rxe5 Qd4+ 36. Qf2 Qxe5) 34. Qxe2 {Threatens to win with b4.} Nd4 ({Black should play} 34... Qc1+ $14 35. Qf1 Qe3+ 36. Qf2 Qc1+ {[%mdl 64] Double Attack} 37. Kh2 Qxb2) 35. Qf1 (35. Qd1 $16) 35... Qe3+ 36. Kh1 {Hoping for a5.} Qd2 37. b3 (37. c3 $16 Ne6 38. a5) 37... h5 38. Kg1 (38. Qa1 $5 {[%cal Ra1d4]} Nc6 39. Qf1 $14) 38... Ne6 (38... Nxc2 $11 39. Bxc2 Qxc2) 39. Qf2 $16 Qc3 40. Qe3 ({White should try} 40. Kf1 $16) 40... h4 41. Kf2 Qb4 (41... f5 $16 {keeps fighting.}) 42. Ke2 $2 (42. Bc4 $18) 42... Nf4+ $11 43. Kd1 Nxg2 $2 {[%mdl 8192]} (43... Nd5 $11 44. Qd2 Qd4) 44. Qe4 $18 {White is clearly winning.} Qc3 {If Black can now play ...Qa1+ this consolidates a bit.} 45. Qxg2 Qa1+ 46. Kd2 Qd4 47. Qf3 {What a bad dream for Black.  Weighted Error Value: White=0.23/Black=0.31} 1-0

[Event "10th Konjic 2021"]
[Site "Konjic"]
[Date "2021.03.03"]
[Round "9.3"]
[White "Isik, Alparslan"]
[Black "Ristic, Nenad"]
[Result "*"]
[WhiteElo "2321"]
[BlackElo "2330"]
[Annotator "TA"]
[PlyCount "33"]
[EventDate "2021.02.26"]
[EventType "tourn"]
[EventCountry "BIH"]
[SourceTitle "playchess.com"]
[Source "ChessBase"]
[SourceQuality "1"]

{[%evp 13,19,20,27,13,13,8,6,0]} 1. e4 e5 2. Nf3 Nc6 3. Bc4 Nf6 4. d3 Bc5 5. O-O O-O 6. c3 d6 7. a4 {7.Re1 is the modern continuation.} a5 8. h3 {C54: Giuoco Piano: 4 c3 Nf6, main lines with 5 d4 and 5 d3.} h6 9. Re1 Re8 10. Bb3 {[#] An uneventful encounter.  Weighted Error Value: White=0.06/Black=0.00} {Predecessor:} Be6 $146 11. Nbd2 d5 12. exd5 Bxd5 13. Ne4 Nxe4 14. dxe4 Bxb3 15. Qxb3 b6 16. Be3 Bxe3 17. Rxe3 {1-0 (35) Vasquez Schroder,R (2576)-Aleksandrov,A (2481) Mumbai 2020} *

[Event "10th Konjic 2021"]
[Site "Konjic"]
[Date "2021.03.03"]
[Round "9.3"]
[White "Stocko, Josip"]
[Black "Mrndjic, Muamer"]
[Result "0-1"]
[WhiteElo "2230"]
[BlackElo "2257"]
[Annotator "TA"]
[PlyCount "72"]
[EventDate "2021.02.26"]
[EventType "tourn"]
[EventCountry "BIH"]
[SourceTitle "playchess.com"]
[Source "ChessBase"]
[SourceQuality "1"]

{[%evp 13,72,24,8,8,8,12,12,-6,10,0,0,-9,0,0,22,-3,0,-41,-42,-60,-26,-62,-43,-47,-36,-62,-63,-157,-157,-157,-154,-157,-157,-157,-138,-168,-176,-220,-165,-227,-227,-216,-65,-181,-172,-295,-284,-392,-387,-375,-335,-664,-664,-753,-486,-486,-486,-486,-479,-614,-591]} 1. e4 e5 2. Nf3 Nc6 3. Bc4 Nf6 4. d3 Bc5 5. O-O O-O 6. c3 d6 7. a4 {7.Re1 gains popularity.} a5 8. h3 {C54: Giuoco Piano: 4 c3 Nf6, main lines with 5 d4 and 5 d3.} h6 9. Re1 Re8 10. Bb3 {The position is equal.} Ba7 11. Nbd2 {[%cal Bb1d2,Bd2f1,Bf1g3][%mdl 32]} Be6 12. Bc2 Qd7 13. Nf1 Rad8 14. Ng3 d5 {[#]} 15. Be3 $146 ({Predecessor:} 15. Qe2 dxe4 16. dxe4 Kh7 17. Kh2 Qe7 18. Kg1 Nd7 19. Be3 Bxe3 20. Qxe3 Qc5 21. Rab1 Qxe3 22. Rxe3 {½-½ (77) Harshal,S (2139)-Karthik,V (2366) New Delhi 2016}) 15... Bxe3 16. Rxe3 Qd6 17. Nh4 dxe4 18. Nxe4 Nxe4 19. dxe4 Qxd1+ 20. Rxd1 (20. Bxd1 $15 Rd2 21. Re2) 20... Rxd1+ $17 21. Bxd1 Rd8 22. Bg4 Bxg4 23. hxg4 {[%mdl 4096] Endgame KRN-KRN} Rd1+ 24. Kh2 Rd2 25. Kg3 g6 26. Nf3 (26. b4 $142) 26... Rxb2 $19 27. Rd3 b5 $2 {[#]} (27... Ra2 $19 28. g5 h5) 28. axb5 ({White has to play} 28. Rd5 $1 $15) 28... Rxb5 29. Nd2 (29. Rd7 $142) 29... a4 {[%cal Ba5a4,Ba4a3,Ba3a2][%mdl 32]} 30. c4 Rb2 31. Nf3 Rb4 32. Rd7 $2 (32. Ra3) 32... a3 {Threatens to win with ...a2.Black is clearly winning.} 33. Rxc7 {[#]} a2 $1 34. Rc8+ Kg7 35. Ra8 Rb2 36. Ne1 Nb4 {Weighted Error Value: White=0.55/Black=0.23} 0-1